|
|
|
|
| LEADER |
00000nam0a2200000 4500 |
| 001 |
6051 |
| 005 |
20231030175911.0 |
| 010 |
|
|
|a 5893170326
|
| 035 |
|
|
|a (RuTPU)RU\TPU\book\6081
|
| 035 |
|
|
|a BOOK00006135
|
| 090 |
|
|
|a 6051
|
| 100 |
|
|
|a 20011209d1997 k y0rusy50 ca
|
| 101 |
0 |
|
|a rus
|
| 102 |
|
|
|a RU
|
| 105 |
|
|
|a y z 000zy
|
| 200 |
1 |
|
|a Политическая структура современной Российской провинции
|e Проблемы формирования открытого общества в России
|f С. И. Барзилов, А. Г. Чернышев
|
| 210 |
|
|
|a Москва
|c Магистр
|d 1997
|
| 215 |
|
|
|a 32 с.
|
| 225 |
1 |
|
|a Открытое общество
|
| 225 |
1 |
|
|a Политика и право
|
| 333 |
|
|
|a Исключено из фонда НТБ ТПУ
|
| 700 |
|
1 |
|a Барзилов
|b С. И.
|
| 701 |
|
1 |
|a Чернышев
|b А. Г.
|
| 801 |
|
0 |
|a RU
|b 63413507
|c 20011209
|g PSBO
|
| 801 |
|
2 |
|a RU
|b 63413507
|c 20211015
|g PSBO
|
| 942 |
|
|
|c BK
|